MDQL
is popping MORE tags! Check the
thread
!
Quizzes
Events
Quiz Creation
Community
Videos
Private Events
Remove Ads
Sign In
Join for FREE
Feedback
Dark Mode
Quiz Categories
Sports
Geography
Music
Movies
Television
Just For Fun
Miscellaneous
History
Literature
Language
Science
Gaming
Entertainment
Religion
Holiday
For Kids
Quiz Lab
Recent
Popular Today
Quiz Kudos Today
Editor Picks
Curator Picks
Quizzes by...
Day
Popularity
Type
Ratings
Length
Year
Community
Subscriptions
Recent Discussions
Orange Saloon
Badges
Playlists
Quests
Create
Leaderboards
Showdown
Live 5
Trivia Bingo
Activity
Puzzle Library
Sporcle Events
Private Events
Virtual Trivia
Globe League
Become a Host
Pub Owners
SporcleCon
Opinionation
Our Games
Videos
Blog
Mobile Apps
Partnerships
Remove Ads and Go Orange
Feedback
Sports
Athletes
MLB
NBA
NHL
NFL
Soccer
Sports Teams
WWE
NCAA
Football
Premier League
Basketball
Baseball
Hockey
Golf
Tennis
Cricket
Rugby
Auto Racing
Olympics
World Cup
Sports
Athletes
MLB
NBA
NHL
NFL
Soccer
Sports Teams
WWE
NCAA
Football
Premier League
Basketball
Baseball
Hockey
Golf
Tennis
Cricket
Rugby
Auto Racing
Olympics
World Cup
Random Quiz
Search Sporcle
×
Quiz Lab
Quiz Lab
Sports
NCAA
Type in answers that appear in a list
Type in answers that appear in a list
Classic
Best Score? Go Orange.
Stanford Cardinal Football Opponents (2000-) Stats
Can you name the schools the Stanford Cardinal have played in football since 2000?
By
guide
8m
154 Questions
1,394 Plays
1,394 Plays
1,394 Plays
Comments
Comments
Give Quiz Kudos
Give Quiz Kudos
-
- Ratings
hide this ad
Replay
Link that replays current quiz
Next Quiz
Link to next quiz in quiz playlist
You Got
0%
They Got
Avg Score
88%
Avg Friend Score
Upgrade to see
Score Distribution
Jump to the score distribution portion of the page
Score
0/154
Timer
08:00
0
Plays Today
Year
School
% Correct
2001 (9-
3)
Oregon
98.4%
2002 (2-
9)
Oregon
98.4%
2003 (4-
7)
Oregon
98.4%
2004 (4-
7)
Oregon
98.4%
2005 (5-
6)
Oregon
98.4%
2006 (1-
11)
Oregon
98.4%
2007 (4-
8)
Oregon
98.4%
2008 (5-
7)
Oregon
98.4%
2009 (8-
5)
Oregon
98.4%
2010 (12-
1)
Oregon
98.4%
2011 (11-
2)
Oregon
98.4%
2000 (5-
6)
Southern California
98.4%
2001 (9-
3)
Southern California
98.4%
2002 (2-
9)
Southern California
98.4%
2003 (4-
7)
Southern California
98.4%
2004 (4-
7)
Southern California
98.4%
2005 (5-
6)
Southern California
98.4%
2006 (1-
11)
Southern California
98.4%
2007 (4-
8)
Southern California
98.4%
2008 (5-
7)
Southern California
98.4%
2009 (8-
5)
Southern California
98.4%
2010 (12-
1)
Southern California
98.4%
2011 (11-
2)
Southern California
98.4%
2012
Southern California
98.2%
2012
Oregon
98.2%
2000 (5-
6)
UCLA
98.1%
2001 (9-
3)
UCLA
98.1%
2002 (2-
9)
UCLA
98.1%
2003 (4-
7)
UCLA
98.1%
2004 (4-
7)
UCLA
98.1%
2005 (5-
6)
UCLA
98.1%
2006 (1-
11)
UCLA
98.1%
2007 (4-
8)
UCLA
98.1%
2008 (5-
7)
UCLA
98.1%
2009 (8-
5)
UCLA
98.1%
2010 (12-
1)
UCLA
98.1%
2011 (11-
2)
UCLA
98.1%
2012
UCLA
98.1%
2000 (5-
6)
Washington
97.8%
2001 (9-
3)
Washington
97.8%
2003 (4-
7)
Washington
97.8%
2004 (4-
7)
Washington
97.8%
2006 (1-
11)
Washington
97.8%
2007 (4-
8)
Washington
97.8%
2008 (5-
7)
Washington
97.8%
2009 (8-
5)
Washington
97.8%
2010 (12-
1)
Washington
97.8%
2011 (11-
2)
Washington
97.8%
2012
Washington
97.8%
2000 (5-
6)
Oregon State
97.3%
2002 (2-
9)
Oregon State
97.3%
2003 (4-
7)
Oregon State
97.3%
Year
School
% Correct
2004 (4-
7)
Oregon State
97.3%
2005 (5-
6)
Oregon State
97.3%
2006 (1-
11)
Oregon State
97.3%
2007 (4-
8)
Oregon State
97.3%
2008 (5-
7)
Oregon State
97.3%
2009 (8-
5)
Oregon State
97.3%
2010 (12-
1)
Oregon State
97.3%
2012
Oregon State
97.2%
2011 (11-
2)
Oregon State
97.1%
2000 (5-
6)
Arizona
96.7%
2001 (9-
3)
Arizona
96.7%
2002 (2-
9)
Arizona
96.7%
2005 (5-
6)
Arizona
96.7%
2006 (1-
11)
Arizona
96.7%
2007 (4-
8)
Arizona
96.7%
2008 (5-
7)
Arizona
96.7%
2009 (8-
5)
Arizona
96.7%
2010 (12-
1)
Arizona
96.7%
2011 (11-
2)
Arizona
96.7%
2000 (5-
6)
Washington State
96.6%
2001 (9-
3)
Washington State
96.6%
2002 (2-
9)
Washington State
96.6%
2003 (4-
7)
Washington State
96.6%
2004 (4-
7)
Washington State
96.6%
2005 (5-
6)
Washington State
96.6%
2006 (1-
11)
Washington State
96.6%
2007 (4-
8)
Washington State
96.6%
2008 (5-
7)
Washington State
96.6%
2009 (8-
5)
Washington State
96.6%
2010 (12-
1)
Washington State
96.6%
2011 (11-
2)
Washington State
96.6%
2012
Washington State
96.6%
2012
Arizona
96.4%
2000 (5-
6)
Arizona State
96.1%
2001 (9-
3)
Arizona State
96.1%
2002 (2-
9)
Arizona State
96.1%
2003 (4-
7)
Arizona State
96.1%
2004 (4-
7)
Arizona State
96.1%
2005 (5-
6)
Arizona State
96.1%
2006 (1-
11)
Arizona State
96.1%
2007 (4-
8)
Arizona State
96.1%
2008 (5-
7)
Arizona State
96.1%
2009 (8-
5)
Arizona State
96.1%
2010 (12-
1)
Arizona State
96.1%
2000 (5-
6)
California
96%
2001 (9-
3)
California
96%
2002 (2-
9)
California
96%
2003 (4-
7)
California
96%
2004 (4-
7)
California
96%
2005 (5-
6)
California
96%
2006 (1-
11)
California
96%
2007 (4-
8)
California
96%
Year
School
% Correct
2008 (5-
7)
California
96%
2009 (8-
5)
California
96%
2010 (12-
1)
California
96%
2011 (11-
2)
California
96%
2012
California
95.7%
2000 (5-
6)
Notre Dame
92.5%
2001 (9-
3)
Notre Dame
92.5%
2002 (2-
9)
Notre Dame
92.5%
2003 (4-
7)
Notre Dame
92.5%
2004 (4-
7)
Notre Dame
92.5%
2005 (5-
6)
Notre Dame
92.5%
2006 (1-
11)
Notre Dame
92.5%
2007 (4-
8)
Notre Dame
92.5%
2008 (5-
7)
Notre Dame
92.5%
2009 (8-
5)
Notre Dame
92.5%
2010 (12-
1)
Notre Dame
92.5%
2011 (11-
2)
Notre Dame
92.5%
2012
Notre Dame
92%
2012
Colorado
91.4%
2011 (11-
2)
Colorado
90.8%
2009 (8-
5)
Oklahoma
79.3%
2000 (5-
6)
San Jose State
77.7%
2001 (9-
3)
San Jose State
77.7%
2002 (2-
9)
San Jose State
77.7%
2003 (4-
7)
San Jose State
77.7%
2004 (4-
7)
San Jose State
77.7%
2006 (1-
11)
San Jose State
77.7%
2007 (4-
8)
San Jose State
77.7%
2008 (5-
7)
San Jose State
77.7%
2009 (8-
5)
San Jose State
77.7%
2011 (11-
2)
San Jose State
77.7%
2012
San Jose State
77.2%
2000 (5-
6)
Texas
74.4%
2011 (11-
2)
Oklahoma State
73.4%
2003 (4-
7)
Brigham Young
65.4%
2004 (4-
7)
Brigham Young
65.4%
2010 (12-
1)
Virginia Tech
65.4%
2011 (11-
2)
Duke
57%
2012
Duke
55.8%
2005 (5-
6)
Navy
51.6%
2006 (1-
11)
Navy
51.6%
2007 (4-
8)
Texas Christian
51.1%
2008 (5-
7)
Texas Christian
51.1%
2001 (9-
3)
Georgia Tech
48.9%
2009 (8-
5)
Wake Forest
46.8%
2010 (12-
1)
Wake Forest
46.8%
2001 (9-
3)
Boston College
40.2%
2002 (2-
9)
Boston College
40.2%
2005 (5-
6)
California Davis
34.7%
2010 (12-
1)
Sacramento State
31.3%
Quiz Playlist
Details
Report
Send in Message
Add To Playlist
Classic:
Type in answers that appear in a list
Last Updated: Feb 16, 2017
Quiz Scoreboard
CHALLENGE
Sign Up to Join the Scoreboard
Show All
Scores
Hide
Comments
May contain spoilers
Recently Published
1-10 Letter E Words III
by El_Dandy
Language
2m
Street Fighter Characters
by Artimus82
Gaming
60s
College Basketball Coaching Resumes
by pancakes188
Sports
9m
More to Explore
Quiz From the Vault
Featured Blog Post
Where Did the Easter Bunny Come From?
hide this ad
You Might Also Like...
Tags
Football Quiz
NCAA Quiz
Football Opponents
NCAA Football
Pac-12
stanford
Stanford Football
Stanford University
Today's Top Quizzes in Sports
Browse Sports
hide this ad
Today's Top Quizzes in NCAA
Browse NCAA
Top Contributed Quizzes in Sports
1
2022 World Cup Stars
2
Les meilleurs buteurs des matchs entre le PSG et l’OM
3
FIFA Club World Cup Champions
4
Les entraîneurs de l'OM et du PSG au 21e siècle
5
Criteria MLB: Left Handed Sluggers
6
2023 MLB Unique Player Accomplishments
7
AFC Teams Reveal (Wrong Answers Minefield)
8
Players with Multiple 50 Home Run Seasons
9
5-to-1: FBS Animal Nicknames
10
5-to-1: UK Sports Teams
Explore More
Trending Topics
Kpop
Marvel
Anime
Disney
NBA
Harry Potter
Crossword
Puzzle
NFL
WWE
Soccer
Country
Song
The Office
Pokémon
hide this ad
More By:
guide
Quiz
Plays
Rating
Category
Featured
Created
Top 100 UEFA Clubs
426,994
3.41
Sports
Apr 3, 2011
Premier League 50+ Appearances: Manchester United
203,788
4.40
Sports
May 6, 2011
Big 4 Safe Cracker: Last Five Champions
175,418
3.80
Sports
Apr 8, 2011
4-Letter Safe Cracker
174,019
3.26
Just For Fun
Apr 11, 2011
European Cup Winners
147,407
4.20
Sports
Mar 29, 2012
Go to Creator's Profile
Score Distribution
Quiz Creator Spotlight
guide
Follow
Send a Message
Quizzes Created
-
Created Quiz Play Count
-
More By This Creator
Popular Quizzes Today
1
Find the US States - No Outlines Minefield
2
Find the Countries of Europe - No Outlines Minefield
3
The Countries of the World
4
Find the US States
5
Risky Map Clicking: Biggest States A-Z
6
US States
7
Popular People in 1961
8
Movies - When Are They Set?
More Sports Quizzes
Dejan Stanković's Career
Quiz Lab
Trending Quizzes
Risky Map Clicking: Least Populous States A-Z
1-10 Letter G Words
1-10 Letter F Words
Countries of the World: 200 Million BC
Risky Map Clicking: Next State Alphabetically
Recently Updated
Beyoncé Albums
pecheneg
Leaping Animals
pecheneg
Reality TV Shows (A-Z)
bhenderson79
Rickey Henderson's Hall of Fame Teammates
pecheneg
Champions League XIs: Arsenal
pecheneg
Quick Pick: Celebrities in WWE's Hall of Fame
aduchscher
A-Z Keypad Blitz II
pecheneg
Multiple Oscar Actors
pecheneg
Mystery Phrase Blitz: Oscar 'Best Actors'
pecheneg
F. Scott Fitzgerald Novels
LTH
Trending Topics
Marvel
Disney
Crossword
Kpop
Harry Potter
Anime
NBA
NFL
Soccer
Puzzle
Pokémon
WWE
The Office
Song
Country
Your Account Isn't Verified!
In order to create a playlist on Sporcle, you need to verify the email address you used during registration. Go to your
Sporcle Settings
to finish the process.
Report this User
Report this user for behavior that violates our
Community Guidelines
.
Details:
Send Report
Go to the Sporcle.com Mobile Site →
Comments